000 00548nam a2200181Ia 4500
008 090122s9999 xx 000 0 und d
082 _b933
_aO155:9
100 _aकुरूंदकर
_bनरहर
245 _aपायवाट
260 _bमॅजेस्टिक
_c1974
300 _a192
501 _aआयडियल पुस्तक त्रिवेणी
600 _aकुरूंदकर
630 _aपायवाट
700 _aकुरूंदकर
730 _aपायवाट
942 _cBOOK
999 _c25011
_d25011